The complete idiot's guide to Middle East conflict / (Record no. 28478)

MARC details
000 -LEADER
campo de control de longitud fija 00816cam a2200277 4500
001 - NÚMERO DE CONTROL
campo de control 9735
003 - IDENTIFICADOR DE NÚMERO DE CONTROL
campo de control BJBSDDR
005 - FECHA Y HORA DE LA ÚLTIMA TRANSACCIÓN
campo de control 20231019152106.0
007 - CAMPO FIJO DE DESCRIPCIÓN FÍSICA--INFORMACIÓN GENERAL
campo de control de longitud fija ta
008 - DATOS DE LONGITUD FIJA--INFORMACIÓN GENERAL
campo de control de longitud fija 060907s1999 inu eng
020 ## - NÚMERO INTERNACIONAL ESTÁNDAR DEL LIBRO
Número Internacional Estándar del Libro 0028632613
020 ## - NÚMERO INTERNACIONAL ESTÁNDAR DEL LIBRO
Número Internacional Estándar del Libro 9780028632612
040 ## - FUENTE DE CATALOGACIÓN
Lengua de catalogación eng
Centro/agencia transcriptor BJBSDDR
041 ## - CÓDIGO DE IDIOMA
Código de lengua del texto/banda sonora o título independiente eng
050 14 - SIGNATURA TOPOGRÁFICA DE LA BIBLIOTECA DEL CONGRESO
Número de clasificación 439 DS 62.8
Número de ítem B245c 1999
082 00 - NÚMERO DE LA CLASIFICACIÓN DECIMAL DEWEY
Número de clasificación 956.04
100 1# - ENTRADA PRINCIPAL--NOMBRE DE PERSONA
Nombre de persona Bard, Mitchell Geoffrey,
Fechas asociadas al nombre 1959-
9 (RLIN) 30538
245 14 - MENCIÓN DEL TÍTULO
Título The complete idiot's guide to Middle East conflict /
Mención de responsabilidad, etc. Mitchell G. Bard
246 30 - FORMA VARIANTE DEL TITULO
Título propio/Titulo breve Middle East conflict
260 ## - PUBLICACIÓN, DISTRIBUCIÓN, ETC.
Lugar de publicación, distribución, etc. Indianapolis :
Nombre del editor, distribuidor, etc. Alpha books,
Fecha de publicación, distribución, etc. 1999
300 ## - DESCRIPCIÓN FÍSICA
Extensión xxv, 456 pages ;
Dimensiones 23 cm
440 #0 - MENCIÓN DE SERIE/PUNTO DE ACCESO ADICIONAL--TÍTULO
Título Complete idiot's guide
9 (RLIN) 32654
651 #0 - PUNTO DE ACCESO ADICIONAL DE MATERIA--NOMBRE GEOGRÁFICO
Nombre geográfico Middle East
Subdivisión general History
Subdivisión cronológica 20th century.
651 #4 - PUNTO DE ACCESO ADICIONAL DE MATERIA--NOMBRE GEOGRÁFICO
Nombre geográfico Medio Oriente
Subdivisión general Historia
Subdivisión cronológica Siglo XX
9 (RLIN) 15186
942 ## - ELEMENTOS DE ENTRADA SECUNDARIOS (KOHA)
Fuente del sistema de clasificación o colocación Clasificación de Library of Congress
Tipo de ítem Koha Libro
Holdings
Estatus retirado Estado de pérdida Fuente del sistema de clasificación o colocación Estado de daño No para préstamo Colección Biblioteca de origen Biblioteca actual Ubicación en estantería Fecha de adquisición Signatura topográfica completa Código de barras Visto por última vez Copia número Tipo de ítem Koha
    Clasificación de Library of Congress     Recursos Regionales Biblioteca Juan Bosch Biblioteca Juan Bosch Recursos Regionales (2do. Piso) 23/10/2018 439 DS 62.8 B245c 1999 00000019405 23/10/2018 1 Libro